Blood smears reinterpreted / (Record no. 3425)

MARC details
000 -LEADER
fixed length control field 00904nac a22002411u 4500
010 ## - LIBRARY OF CONGRESS CONTROL NUMBER
LC control number 77023901
020 ## - INTERNATIONAL STANDARD BOOK NUMBER
International Standard Book Number 0387072063
022 ## - INTERNATIONAL STANDARD SERIAL NUMBER
International Standard Serial Number 3540072063
082 00 - DEWEY DECIMAL CLASSIFICATION NUMBER
Classification number 616.07561
Item number B4642
090 ## - LOCALLY ASSIGNED LC-TYPE CALL NUMBER (OCLC); LOCAL CALL NUMBER (OCLC)
-- 3425
-- 3425
100 ## - MAIN ENTRY--PERSONAL NAME
Personal name Bessis, Marcel,
245 10 - TITLE STATEMENT
Title Blood smears reinterpreted /
Statement of responsibility, etc Marcel Bessis ; translated by George Brecher.
260 ## - PUBLICATION, DISTRIBUTION, ETC. (IMPRINT)
Place of publication, distribution, etc [New York] :
Name of publisher, distributor, etc Springer International,
Date of publication, distribution, etc 1977.
300 ## - PHYSICAL DESCRIPTION
Extent xvi, 270 p. :
Other physical details ill. ;
Dimensions 25 cm.
500 ## - GENERAL NOTE
General note Translation of ReÌ?interpreÌ?tation des frottis sanguins.
500 ## - GENERAL NOTE
General note Donations.
500 ## - GENERAL NOTE
General note Donations - Bibliotheca Alexandrina.
504 ## - BIBLIOGRAPHY, ETC. NOTE
Bibliography, etc Includes bibliographical references and index.
650 #0 - SUBJECT ADDED ENTRY--TOPICAL TERM
Topical term or geographic name as entry element Blood
General subdivision Examination.
700 ## - ADDED ENTRY--PERSONAL NAME
Personal name Brecher, George.
942 ## - ADDED ENTRY ELEMENTS (KOHA)
Item type Book - Borrowing
Call number prefix 616.07561B4642
Holdings
Withdrawn status Item status Source of classification or shelving scheme Damaged status Not for loan Home library Current library Shelving location Date acquired Source of acquisition Total Checkouts Full call number Barcode Date last seen Koha item type
    Dewey Decimal Classification     Central Library Central Library First floor 07/04/2011 Purchase   616.07561 BES 000030285 15/07/2025 Book - Borrowing